Evaluation of bio pesticides and insecticides on the control of bark feeding caterpillar, Aetherastics circulata attacking rubber trees (Record no. 58892)

MARC details
000 -LEADER
fixed length control field 00592nam a2200157Ia 4500
100 ## - MAIN ENTRY--AUTHOR NAME
Personal name Thankamony S
245 #0 - TITLE STATEMENT
Title Evaluation of bio pesticides and insecticides on the control of bark feeding caterpillar, Aetherastics circulata attacking rubber trees
260 ## - PUBLICATION, DISTRIBUTION, ETC. (IMPRINT)
Name of publisher PLACROSYM XX, 12-15 December 2012, UPASI Tea Research Foundation, Coimbatore, India, Abstracts, pp. 108-109.
650 ## - SUBJECT ADDED ENTRY--TOPICAL TERM
Topical Term Aestherastics circulata
650 ## - SUBJECT ADDED ENTRY--TOPICAL TERM
Topical Term Azadirachtin
650 ## - SUBJECT ADDED ENTRY--TOPICAL TERM
Topical Term Beauveria bassiana
650 ## - SUBJECT ADDED ENTRY--TOPICAL TERM
Topical Term Neem formulations
856 ## - ELECTRONIC LOCATION AND ACCESS
Uniform Resource Identifier Copy
942 ## - ADDED ENTRY ELEMENTS (KOHA)
Koha item type Journals
Holdings
Withdrawn status Lost status Damaged status Not for loan Home library Current library Shelving location Date acquired Koha item type
      Journals RRII Library RRII Library Pathology 17/12/2021 Journals